Score 0/20 Timer 04:00
0 Plays Today
Actor Missing Word % Correct
Bruce WillisHard
98.3%
John TravoltaSaturday
97.3%
Uma ThurmanRobin
96.8%
Bruce WillisSixth
96.7%
Uma ThurmanBill
96.6%
Samuel L. JacksonPlane
95.2%
Bruce WillisNine
94.7%
Uma ThurmanCats
92.3%
Samuel L. JacksonRight
91.7%
Samuel L. JacksonBlue
91.1%
Actor Missing Word % Correct
John TravoltaTalking
87.8%
John TravoltaFace
84.1%
John TravoltaRed
81.3%
Uma ThurmanGirlfriend
79.9%
Bruce WillisSin
79.8%
Bruce WillisElement
76.1%
Samuel L. JacksonCarter
68.7%
John TravoltaEarth
57.5%
Samuel L. JacksonJurassic
34.3%
Uma ThurmanMovie
20.4%

Today's Daily Dose

Missing Word
'T' Pairs

Word Ladder
Game Pieces

Get the Picture
Baseball Movies

Remove Ads.
Support Sporcle.
Get the best of Sporcle when you Go Orange. This ad-free experience offers more features, more stats, and more fun while also helping to support Sporcle. Thank you for becoming a member.

You're not logged in!

Compare scores with friends on all Sporcle quizzes.
OR
Log In

Show Comments

Extras

Top Quizzes Today


Score Distribution

Your Account Isn't Verified!

In order to create a playlist on Sporcle, you need to verify the email address you used during registration. Go to your Sporcle Settings to finish the process.

Report this User

Report this user for behavior that violates our Community Guidelines.

Details: